<?xml version="1.0" encoding="UTF-8"?><?xml-stylesheet type="text/xsl" href="static/style.xsl"?><OAI-PMH xmlns="http://www.openarchives.org/OAI/2.0/" xmlns:xsi="http://www.w3.org/2001/XMLSchema-instance" xsi:schemaLocation="http://www.openarchives.org/OAI/2.0/ http://www.openarchives.org/OAI/2.0/OAI-PMH.xsd"><responseDate>2026-04-18T20:04:40Z</responseDate><request verb="GetRecord" identifier="oai:riubu.ubu.es:10259/7836" metadataPrefix="marc">https://riubu.ubu.es/oai/request</request><GetRecord><record><header><identifier>oai:riubu.ubu.es:10259/7836</identifier><datestamp>2024-07-06T22:42:16Z</datestamp><setSpec>com_10259_2699</setSpec><setSpec>col_10259_2727</setSpec></header><metadata><record xmlns="http://www.loc.gov/MARC21/slim" xmlns:doc="http://www.lyncode.com/xoai" xmlns:xsi="http://www.w3.org/2001/XMLSchema-instance" xmlns:dcterms="http://purl.org/dc/terms/" xsi:schemaLocation="http://www.loc.gov/MARC21/slim http://www.loc.gov/standards/marcxml/schema/MARC21slim.xsd">
<leader>00925njm 22002777a 4500</leader>
<datafield tag="042" ind1=" " ind2=" ">
<subfield code="a">dc</subfield>
</datafield>
<datafield tag="720" ind1=" " ind2=" ">
<subfield code="a">Feberero García, Claudia</subfield>
<subfield code="e">author</subfield>
</datafield>
<datafield tag="260" ind1=" " ind2=" ">
<subfield code="c">2021</subfield>
</datafield>
<datafield tag="520" ind1=" " ind2=" ">
<subfield code="a">En las últimas décadas, las reacciones que implican compuestos organolíticos&#xd;
han suscitado gran interés ya que permiten desarrollar estrategias sintéticas para&#xd;
la preparación de compuestos heterocíclicos funcionalizados que pueden&#xd;
presentar actividad biológica y/o farmacológica.&#xd;
En este campo de la química de organolíticos, nuestro grupo de investigación&#xd;
fue pionero en el desarrollo de diversas metodologías que han resultado&#xd;
adecuadas para la síntesis de compuestos regioselectivamente funcionalizados.&#xd;
Con el fin de seguir obteniendo nuevos resultados, seleccionamos como objeto&#xd;
de estudio los carbamatos de O-arilo y se planteó el estudio de la reacción de&#xd;
orto-litiación selectiva en N,N-dietilcarbamatos de O-arilo, el estudio de los&#xd;
posibles reagrupamientos que pueden involucrar al grupo carbamoílo y sus&#xd;
posibles aplicaciones. Las nuevas metodologías descritas nos han permitido&#xd;
sintetizar una amplia variedad de compuestos novedosos a través de rutas&#xd;
sintéticas generales sin precedentes en bibliografía.</subfield>
</datafield>
<datafield tag="024" ind2=" " ind1="8">
<subfield code="a">http://hdl.handle.net/10259/7836</subfield>
</datafield>
<datafield tag="024" ind2=" " ind1="8">
<subfield code="a">10.36443/10259/7836</subfield>
</datafield>
<datafield ind1=" " ind2=" " tag="653">
<subfield code="a">Carbamato</subfield>
</datafield>
<datafield ind1=" " ind2=" " tag="653">
<subfield code="a">Litio</subfield>
</datafield>
<datafield ind1=" " ind2=" " tag="653">
<subfield code="a">Orto-litiación</subfield>
</datafield>
<datafield ind1=" " ind2=" " tag="653">
<subfield code="a">Grupo carbamoílo</subfield>
</datafield>
<datafield ind1=" " ind2=" " tag="653">
<subfield code="a">Reagrupamiento</subfield>
</datafield>
<datafield ind1=" " ind2=" " tag="653">
<subfield code="a">Snieckus-Fries</subfield>
</datafield>
<datafield ind1=" " ind2=" " tag="653">
<subfield code="a">Carbamate</subfield>
</datafield>
<datafield ind1=" " ind2=" " tag="653">
<subfield code="a">Lithium</subfield>
</datafield>
<datafield ind1=" " ind2=" " tag="653">
<subfield code="a">Ortho-lithiation</subfield>
</datafield>
<datafield ind1=" " ind2=" " tag="653">
<subfield code="a">Carbamoyl group</subfield>
</datafield>
<datafield ind1=" " ind2=" " tag="653">
<subfield code="a">Rearrangement</subfield>
</datafield>
<datafield tag="245" ind1="0" ind2="0">
<subfield code="a">Reagrupamientos de Fries en N,N-dietilcarbamatos de O-arilo orto-litiados</subfield>
</datafield>
</record></metadata></record></GetRecord></OAI-PMH>